书目信息 |
| 题名: |
DeepSeek使用指南
|
|
| 作者: | 杜雨 , 张孜铭 , 陈博 著 | |
| 分册: | ||
| 出版信息: | 北京 机械工业出版社 2025.03 |
|
| 页数: | XII, 259页 | |
| 开本: | 23cm | |
| 丛书名: | ||
| 单 册: | ||
| 中图分类: | TP18 | |
| 科图分类: | ||
| 主题词: | 人工智能--ren gong zhi neng--指南 | |
| 电子资源: | ||
| ISBN: | 978-7-111-77882-0 | |
| 000 | 02148nam0 2200301 450 | |
| 001 | 93139 | |
| 005 | 20250819211440.75 | |
| 010 | @a978-7-111-77882-0@dCNY69.00 | |
| 099 | @aCAL 012025024378 | |
| 100 | @a20250318d2025 ekmy0chiy50 ea | |
| 101 | 0 | @achi |
| 102 | @aCN@b110000 | |
| 105 | @aa z 000yy | |
| 106 | @ar | |
| 200 | 1 | @aDeepSeek使用指南@ADeepSeek shi yong zhi nan@e全职业场景应用实践@f杜雨, 张孜铭, 陈博著 |
| 210 | @a北京@c机械工业出版社@d2025.03 | |
| 215 | @aXII, 259页@c图@d23cm | |
| 314 | @a杜雨, 未可知人工智能研究院院长, 畅销书《AIGC, 智能创作时代》《AI for Science, 人工智能驱动科学创新》《AI助理, 用ChatGPT轻松搞定工作》《具身智能, 从虚拟AI到现实AI》作者。张孜铭, 未可知人工智能研究院副院长, 科技加速器Quadratic Acceleration Quantum合伙人, 元宇宙教育实验室智库专家。北京大学管理学硕士, 新加坡国立大学金融工程硕士, 华中师范大学信息管理与信息系统、华中科技大学计算机科学与技术双学士。陈博, 未可知人工智能研究院特邀授课讲师, “尚工”行动AIGC评测培训课程导师。喜马拉雅AI教研及讲师, 风平智能AI数字人短视频讲师。课程代表作有“AI短视频创作陪跑营”“Al变现应用实战营”, 参与畅销书《A|助理:用ChatGPT轻松搞定工作》《具身智能: 从虚拟AI到现实AI》的编写工作。 | |
| 330 | @aAI狂奔的时代, 当同事还在为PPT排版熬夜、为数据报表抓狂时, 懂DeepSeek的人早已关灯下班 —— 这不是魔法, 而是工具碾压的硬核差距! 本书聚焦于DeepSeek的使用方法和技巧, 直击30多个高频工作场景, 通过100余个开箱即用的提示词模板, 助你实现职场的弯道超车。从3分钟速出会议纪要、1键生成爆款思维导图, 到悬疑剧本创作、短视频分镜设计, 再到法律文书润色、学术数据可视化。无论是PPT排版“效率革命”、海报文案“灵感爆发”, 还是商业计划“专业攻坚”, 都可以用DeepSeek的“理工科大脑”与“深度思考”功能精准破局。翻开本书, 让DeepSeek替你完成80%重复劳动, 用AI替你“伪勤奋”斩获升职加薪, 把“加班”变成传说, 在AI浪潮中率先抢占职业高地! | |
| 517 | 1 | @a全职业场景应用实践@Aquan zhi ye chang jing ying yong shi jian |
| 606 | 0 | @a人工智能@Aren gong zhi neng@j指南 |
| 610 | 0 | @aDeepSeek |
| 690 | @aTP18@v5 | |
| 701 | 0 | @a杜雨@Adu yu@4著 |
| 701 | 0 | @a张孜铭@Azhang zi ming@4著 |
| 701 | 0 | @a陈博@Achen bo@4著 |
| 801 | 0 | @aCN@c20250909 |
| 905 | @a河南城建学院图书馆@dTP18@eD889-2@f1 | |
| DeepSeek使用指南:全职业场景应用实践/杜雨, 张孜铭, 陈博著.-北京:机械工业出版社,2025.03 |
| XII, 259页:图;23cm |
| ISBN 978-7-111-77882-0:CNY69.00 |
| AI狂奔的时代, 当同事还在为PPT排版熬夜、为数据报表抓狂时, 懂DeepSeek的人早已关灯下班 —— 这不是魔法, 而是工具碾压的硬核差距! 本书聚焦于DeepSeek的使用方法和技巧, 直击30多个高频工作场景, 通过100余个开箱即用的提示词模板, 助你实现职场的弯道超车。从3分钟速出会议纪要、1键生成爆款思维导图, 到悬疑剧本创作、短视频分镜设计, 再到法律文书润色、学术数据可视化。无论是PPT排版“效率革命”、海报文案“灵感爆发”, 还是商业计划“专业攻坚”, 都可以用DeepSeek的“理工科大脑”与“深度思考”功能精准破局。翻开本书, 让DeepSeek替你完成80%重复劳动, 用AI替你“伪勤奋”斩获升职加薪, 把“加班”变成传说, 在AI浪潮中率先抢占职业高地! |
| ● |
| 相关链接 |
|
|
|
正题名:DeepSeek使用指南
索取号:TP18/D889-2
 
预约/预借
| 序号 | 登录号 | 条形码 | 馆藏地/架位号 | 状态 | 备注 |
| 1 | 1627097 | 216270979 | 自科库301/301自科库 101排8列1层/ [索取号:TP18/D889-2] | 在馆 |